| 000 | nam a22 7a 4500 | ||
|---|---|---|---|
| 999 |
_c129155 _d129155 |
||
| 008 | 190307b xxu||||| |||| 00| 0 eng d | ||
| 050 | _aHG3881.5.W57 | ||
| 245 |
_aAfrica's future and the world bank's support to it _cWorld Bank |
||
| 260 |
_bWorld Bank _c2011 |
||
| 300 |
_aiv, 37p. ; _c28cm. |
||
| 610 |
_aWorld bank _xDevelopment programs _zAfrica _945079 |
||
| 710 |
_aWorld Bank _910370 |
||
| 942 |
_2lcc _cMONOGRAPH |
||